01545nam a2200349 a 4500001001000000003000500010005001700015008004100032010001100073011001100084040000900095090001000104100004200114245014700156260004100303500006000344502010800404590004000512590004000552590004000592650004800632650004300680650002900723650006500752856007000817901000700887942001000894942000600904999001900910952013100929952013501060000113901CHAP20220329144418.0171005s2017 mx a fsm |||||||spa d a110362 a111334 cCHAP aTesis1 aGonzález González, Samuel913364510aEstudio de factibilidad de una S. P. R. de R. L. para beneficiado húmedo y seco de café /h[En línea]cpor Samuel González González. aChapingo, Méx. :bEl autor,c2017. aPara ver el contenido del material haga clic en la liga aTesis (Lic. en Administración y Negocios) -- UACH. División de Ciencias Económico-Administrativas aE8697GMMb05c20171005lUCH01h1153 aE8697GMMb05c20171005lUCH01h1219 aE8697GMMb05c20171005lUCH01h122114aCaféxAnálisis costo-beneficio.913134014aCaféxCostos de producción.91712014aCaféxMercadeo.91716914aCaféxOrganización de productoresxEvaluación.9131344 aFinding aiduhttp://10.13.5.2/tesis/sist113901.pdfzTeclea aquí aBK cTESIS n0 c110362d110362 00104054718TESISaBCbBCd2017-10-05fTESISl0oTesisp113903-10r2019-12-31 00:00:00w2019-12-31yTESISzRecien adquirido 00102local4053708TESISaBCbBCcPA_TESISd2017-10-05fTESISl0oTesisp113903-20r2019-12-31 00:00:00tc.2w2019-12-31yTESIS